Didáctica general

Saved in:
Bibliographic Details
Main Author: Guillén de Rezzano, Clotilde (Author)
Format: Book
Language:Spanish
Published: Buenos Aires Kapelusz 1965
Subjects:
Tags: Add Tag
No Tags, Be the first to tag this record!

MARC

LEADER 00000nam a2200000 a 4500
001 UCW4212
003 CL-VaPUC
008 891031e19650000AG |||||||||||||||||spa|d
082 0 4 |a 371.3  |b GUI  |2 21 
100 |a Guillén de Rezzano, Clotilde  |e author  |9 374252 
245 1 0 |a Didáctica general 
300 |a 211 p 
942 |c BK 
945 |d 19891031 00:00:00 
260 |a Buenos Aires  |b Kapelusz  |c 1965 
650 0 |a Pedagogía  |9 255351 
650 0 |a Métodos de enseñanza  |9 270413 
650 7 |a MODELOS DE ENSEÑANZA  |2 CL-VaPUC  |9 308817 
650 0 |a Técnicas de enseñanza   |9 255352 
583 |a last modification  |c 19891031 00:00:00  |k Rodrigo Vera 
999 |c 217991  |d 217989 
952 |0 0  |1 0  |4 0  |6 371_300000000000000_GUI_1965  |7 0  |8 P  |9 206731  |a BIBEDU  |b BIBEDU  |c BIBEDU_PB  |d 2019-11-15  |i 2745755  |l 1  |o 371.3 GUI 1965  |p 2745755  |r 2024-08-27  |s 2024-08-21  |w 2019-11-15  |y BK  |k EDU